Israel vivo

Na minha lista:
Detalhes bibliográficos
Autor principal: Federici, Tommaso (Autor)
Formato: Livro
Idioma:espanhol
Publicado em: Barcelona Estela 1966
Assuntos:
Tags: Adicionar Tag
Sem tags, seja o primeiro a adicionar uma tag!

MARC

LEADER 00000nam a2200000 a 4500
001 UCL4135
003 CL-VaPUC
008 031231e19660000SP |||||||||||||||||spa|d
082 0 4 |a 296.396  |b FED  |2 21 
100 0 |a Federici, Tommaso  |e author  |9 481677 
245 1 0 |a Israel vivo 
300 |a 318 p 
942 |c BK 
945 |d 20031231 00:00:00  |a rbrito 
260 |a Barcelona  |b Estela  |c 1966 
650 0 |a Judaísmo  |9 269348 
650 0 |a Judíos  |9 313771 
650 0 |a Cristianos  |9 257805 
650 0 |a Escatología  |9 314395 
651 0 |a Israel  |9 314378 
583 |a last modification  |c 20031231 00:00:00  |k Rodrigo Vera 
999 |c 307078  |d 307076 
952 |0 0  |1 0  |4 0  |6 296_396000000000000_FED_1966  |7 0  |8 A  |9 372563  |a BIBTEO  |b BIBTEO  |d 2019-11-21  |i 2086719  |o 296.396 FED 1966  |p 2086719  |r 2025-01-17  |w 2019-11-21  |y BK  |k ICR